Le Cames : (Record no. 62070)

MARC details
000 -LEADER
fixed length control field 00729nam a22002297a 4500
005 - DATE AND TIME OF LATEST TRANSACTION
control field 20220221173812.0
008 - FIXED-LENGTH DATA ELEMENTS--GENERAL INFORMATION
fixed length control field 220221b |||||||| |||| 00| 0 eng d
020 ## - INTERNATIONAL STANDARD BOOK NUMBER
International Standard Book Number 978-99919-74-12-5
040 ## - CATALOGING SOURCE
Original cataloging agency BUAC
Transcribing agency BUC
041 ## - LANGUAGE CODE
Language code of text/sound track or separate title Fre.
100 ## - MAIN ENTRY--PERSONAL NAME
Personal name Rahimy Mohamed Chérif-Dee
245 ## - TITLE STATEMENT
Title Le Cames :
Remainder of title La nebuleuse qui entrave l'essor du Bénin et de l'Afrique
Statement of responsibility, etc / par Mohamed Chérif Dee
260 ## - PUBLICATION, DISTRIBUTION, ETC. (IMPRINT)
Place of publication, distribution, etc Cotonou :
Name of publisher, distributor, etc Ae Folly,
Date of publication, distribution, etc 2018
300 ## - PHYSICAL DESCRIPTION
Extent 191 p.
Other physical details Couv.ill.en coul.;
Dimensions 21 cm.
500 ## - GENERAL NOTE
General note Annexes
630 ## - SUBJECT ADDED ENTRY--UNIFORM TITLE
Uniform title SCIENCES SOCIALES
650 ## - SUBJECT ADDED ENTRY--TOPICAL TERM
Topical term or geographic name as entry element ENSEIGNEMENT
651 ## - SUBJECT ADDED ENTRY--GEOGRAPHIC NAME
Geographic name Enseignement : innovation
9 (RLIN) 11393
651 ## - SUBJECT ADDED ENTRY--GEOGRAPHIC NAME
Geographic name Enseignement :organisation : Cames
700 ## - ADDED ENTRY--PERSONAL NAME
Personal name Laleye, Oladé Okunlola
942 ## - ADDED ENTRY ELEMENTS (KOHA)
Source of classification or shelving scheme Dewey Decimal Classification
Item type Libre Accès
Holdings
Withdrawn status Lost status Source of classification or shelving scheme Damaged status Not for loan Location (home branch) Sublocation or collection (holding branch) Shelving location Date acquired Source of acquisition Coded location qualifier Koha issues (times borrowed) Koha full call number Piece designation (barcode) Koha date last seen Copy number Price effective from Koha item type
    Dewey Decimal Classification     Bibliothèque Universitaire Centrale Bibliothèque Universitaire Centrale   21/02/2022 ACHAT 21/0232   378(668.2)RAH 21-0232Buc 21/02/2022 1 21/02/2022 Libre Accès
    Dewey Decimal Classification     Bibliothèque Universitaire Centrale Bibliothèque Universitaire Centrale   14/04/2022 ACHAT 21/0345   378(668.2)RAH 21-0345Buc 14/04/2022 2 14/04/2022 Libre Accès


© 2008, Bibliothèques de l'Université d'Abomey-Calavi

04 BP 789 Cotonou, Tél. : +229 21 36 01 01, Fax : +229 21 35 06 32

Courriel : bu@bu.uac.bj